|
|
|
|
| LEADER |
00000cas a2200000 c 4500 |
| 001 |
1838739858 |
| 003 |
DE-627 |
| 005 |
20240925112310.0 |
| 007 |
cr ||||||||||| |
| 008 |
230309c20239999ne z| p|o 0 |0eng c |
| 016 |
7 |
|
|a 1282916769
|2 DE-101
|
| 016 |
7 |
|
|a 3149733-0
|2 DE-600
|
| 022 |
|
|
|a 2773-1618
|
| 035 |
|
|
|a (DE-627)1838739858
|
| 035 |
|
|
|a (DE-599)ZDB3149733-0
|
| 035 |
|
|
|a (OCoLC)1411697381
|
| 040 |
|
|
|a DE-627
|b ger
|c DE-627
|e rda
|
| 041 |
|
|
|a eng
|
| 044 |
|
|
|c XA-NL
|
| 082 |
0 |
4 |
|a 796
|a 330
|q DE-600
|
| 245 |
0 |
0 |
|a Sports economics review
|
| 264 |
3 |
1 |
|a Amsterdam
|b Elsevier
|c 2023-
|
| 300 |
|
|
|a Online-Ressource
|
| 336 |
|
|
|a Text
|b txt
|2 rdacontent
|
| 337 |
|
|
|a Computermedien
|b c
|2 rdamedia
|
| 338 |
|
|
|a Online-Ressource
|b cr
|2 rdacarrier
|
| 362 |
0 |
|
|a Volume 1 (March 2023)-
|
| 363 |
0 |
1 |
|j 3
|a 1
|i 2023
|
| 500 |
|
|
|a Gesehen am 09.03.2023
|
| 655 |
|
7 |
|a Zeitschrift
|0 (DE-588)4067488-5
|0 (DE-627)10454466X
|0 (DE-576)20917000X
|2 gnd-content
|
| 856 |
4 |
0 |
|u https://www.sciencedirect.com/science/journal/27731618
|x Verlag
|7 1
|
| 856 |
4 |
0 |
|u https://ezb.ur.de/?3149733-0
|x Frontdoor-Url
|7 1
|
| 912 |
|
|
|a ZDB-296-DEAL2
|
| 951 |
|
|
|a JT
|
| ELC |
|
|
|a 1
|
| LOK |
|
|
|0 000 xxxxxcy a22 3n 4500
|
| LOK |
|
|
|0 001 4524363785
|
| LOK |
|
|
|0 003 DE-627
|
| LOK |
|
|
|0 004 1838739858
|
| LOK |
|
|
|0 005 20241227105824
|
| LOK |
|
|
|0 007 ccruuuuuuuuuuuu
|
| LOK |
|
|
|0 008 240516||||||||||||||||ger|||||||
|
| LOK |
|
|
|0 035
|a (DE-600)1085721469
|
| LOK |
|
|
|0 040
|a DE-21
|c DE-627
|d DE-21
|
| LOK |
|
|
|0 092
|o e
|p n
|
| LOK |
|
|
|0 093
|e Volltext nur online
|f Konsortiallizenz
|g Kostenpflichtig
|
| LOK |
|
|
|0 852
|a DE-21
|
| LOK |
|
|
|0 852 1
|9 00
|
| LOK |
|
|
|0 85640
|u https://ezb.ur.de/detail.phtml?bibid=UBTUE&jour_id=494255
|x EZB
|
| LOK |
|
|
|0 85901
|8 1.1
|a 1
|i 2023
|
| LOK |
|
|
|0 866
|x Elsevier DEAL Core Hybrid
|
| LOK |
|
|
|0 86630
|a 1.2023 -
|
| LOK |
|
|
|0 912
|a deal_elsevier_core
|
| LOK |
|
|
|0 935
|a cofz
|a zezb
|
| LOK |
|
|
|0 938
|l Volltext nur online
|8 0
|
| LOK |
|
|
|0 938
|l Konsortiallizenz
|8 1
|
| LOK |
|
|
|0 938
|l Kostenpflichtig
|8 2
|
| LOK |
|
|
|0 939
|a 26-03-24
|b zez
|
| ORI |
|
|
|a SA-MARC-krimdokb001.raw
|
| SPR |
|
|
|a 1
|t KRI
|